Statistiken für Weltkarte ohne 12 Länder #3

Klicken Sie hier um das Quiz zu spielen!

Allgemein

  • Dieses Quiz wurde 2,849 mal gespielt
  • Das Durchschnittsergebnis liegt bei 10 aus 12

Antwortstatistiken

Land % Korrekt
Uruguay
93%
Lettland
89%
Litauen
88%
Estland
88%
Jemen
86%
Oman
86%
Tunesien
85%
Irland
81%
Eritrea
77%
Niederlande
75%
Philippinen
73%
Taiwan
73%

Verteilung der Resultate

Perzentil nach korrekt beantworteten Fragen

Anzahl Personen mit jedem Resultat

Ihre Resultats-Entwicklung

Sie haben dieses Quiz noch nicht gespielt